000 00455nam a2200169Ia 4500
008 240729s9999 xx 000 0 und d
022 _a2358-2820
245 0 _aEconomiA
260 _aUnited Kingdom
260 _bEmerald Publishing
650 _a Economic theory. Demography
650 _a Economics as a science
650 _aSocial Sciences
856 _uhttps://doaj.org/toc/c1df81e7c86948d3aecd846a81ce55a5
942 _2ddc
942 _cDOAJEJ
999 _c68593
_d68593
945 _a1
_bMadushi Gamage
_c1
_dMadushi Gamage